Statically Indeterminate Structures / (Record no. 194300)
[ view plain ]
| 000 -LEADER | |
|---|---|
| fixed length control field | 01014 a2200181 4500 |
| 003 - CONTROL NUMBER IDENTIFIER | |
| control field | Nust |
| 005 - DATE AND TIME OF LATEST TRANSACTION | |
| control field | 20230320094012.0 |
| 020 ## - INTERNATIONAL STANDARD BOOK NUMBER | |
| International Standard Book Number | 0070858667 |
| 040 ## - CATALOGING SOURCE | |
| Transcribing agency | Nust |
| 082 ## - DEWEY DECIMAL CLASSIFICATION NUMBER | |
| Classification number | 624.1,WAN |
| 100 ## - MAIN ENTRY--PERSONAL NAME | |
| Personal name | Chu Kia Wang Ph.D |
| 9 (RLIN) | 26915 |
| 245 ## - TITLE STATEMENT | |
| Title | Statically Indeterminate Structures / |
| Statement of responsibility, etc. | Chu Kia Wang Ph.D |
| 260 ## - PUBLICATION, DISTRIBUTION, ETC. | |
| Place of publication, distribution, etc. | London |
| Name of publisher, distributor, etc. | McGRAW-HILL |
| Date of publication, distribution, etc. | 1953 |
| 300 ## - PHYSICAL DESCRIPTION | |
| Extent | 424p |
| 505 ## - FORMATTED CONTENTS NOTE | |
| Formatted contents note | General Introduction (Page-1), Deflection of Statistically Determinate Beans (Page-7), Deflection of Statically Determinate Trusses (Page-49), Analysis of Statically Intermediate Beams and (Page-72), Analysis of Statically Intermediate Trusses (Page-105), The Three-moments Equation (Page-121), The Slope –deflection Method (Page-137), The Movement-distribution Method (Page-216), The Method of Column Analogy (Page-189), Analysis of Fixed Arches (Page-345), Secondary Stresses in Trusses with Rigid Joints (Page-384) Composite Structure (Page-399). |
| 650 ## - SUBJECT ADDED ENTRY--TOPICAL TERM | |
| Topical term or geographic name entry element | Statically Indeterminate Structures |
| 9 (RLIN) | 26916 |
| 942 ## - ADDED ENTRY ELEMENTS (KOHA) | |
| Source of classification or shelving scheme | |
| Koha item type | Book |
| Withdrawn status | Lost status | Source of classification or shelving scheme | Damaged status | Not for loan | Permanent Location | Current Location | Shelving location | Date acquired | Full call number | Barcode | Date last seen | Price effective from | Koha item type | Public note |
|---|---|---|---|---|---|---|---|---|---|---|---|---|---|---|
| Military College of Signals (MCS) | Military College of Signals (MCS) | General Stacks | 12/12/2016 | 624.1,WAN | MCS28334 | 12/08/2016 | 12/12/2016 | Book | Almirah No.74, Shelf No.6 |
